Повести; Пегий пес, бегущий краем моря; Ранние журавли; Белый пароход; Прощай, Гульсары
| Main Author: | |
|---|---|
| Language: | Russian |
| Published: |
Москва, Советский писатель, 1987
|
| TOC: | Пегий пес, бегущий краем моря; Ранние журавли; Белый пароход; Прощай, Гульсары; |
| Subjects: | |
| Format: | Book |
| KOHA link: | https://koha.lib.tpu.ru/cgi-bin/koha/opac-detail.pl?biblionumber=115774 |
MARC
| LEADER | 00000nam0a2200000 4500 | ||
|---|---|---|---|
| 001 | 115774 | ||
| 005 | 20231101215302.0 | ||
| 020 | |a RU |b 87-76084 | ||
| 035 | |a (RuTPU)RU\TPU\book\125237 | ||
| 090 | |a 115774 | ||
| 100 | |a 20070514d1987 m y0rusy5003 ca | ||
| 101 | 0 | |a rus | |
| 102 | |a RU | ||
| 105 | |a a z 000ay | ||
| 200 | 1 | |a Повести |f Ч. Т. Айтматов | |
| 210 | |a Москва |c Советский писатель |d 1987 | ||
| 215 | |a 381,[2] с. |c цв. ил. | ||
| 464 | |t Пегий пес, бегущий краем моря | ||
| 464 | |t Ранние журавли | ||
| 464 | |t Белый пароход | ||
| 464 | |t Прощай, Гульсары | ||
| 606 | 1 | |a Киргизская литература |2 stltpush |3 (RuTPU)RU\TPU\subj\14393 |9 40792 | |
| 610 | 1 | |a советская литература | |
| 610 | 1 | |a повести | |
| 675 | |a 894.341 |v 3 | ||
| 700 | 1 | |a Айтматов |b Ч. Т. |c народный писатель Киргизии |f 1928- |g Чингиз Торекулович |2 stltpush |3 (RuTPU)RU\TPU\pers\8083 |9 1573 | |
| 801 | 0 | |a RU |b RuMRKP |c 19950417 |g psbo | |
| 801 | 1 | |a RU |b 63413507 |c 20070514 |g PSBO | |
| 801 | 2 | |a RU |b 63413507 |c 20200519 |g PSBO | |
| 942 | |c BK | ||